=LDR 00000nam 2200000 4500 =001 INLIS000000000053692 =005 20190111084044 =035 ##$$a 0010-0119000008 =007 ta =008 190111###########################0###### =020 ##$$a 979-511-653-3 =082 ##$$a f. rom.k =084 ##$$a f. rom.k sim e3 =100 #$$a seymour sim =245 1#$$a einstein anderson : $b mengejutkan kawan-kawannya =260 ##$$a Jakarta :$b Gramedia,$c 1993 =300 ##$$a 104 hlm : $b ilus ; $c 20 cm =990 ##$$a 00460046 =990 ##$$a 74.425/pro-94